000 00680cam a22002174a 4500
005 20250605164303.0
008 250528s ||||||||||||||||||||||||d
035 _a22152
020 _a9786180109955
040 _aGR-AtMCL
_bgre
_dGR-AtMCL
_eAACR2
245 1 _aΟ ΠΑΓΑΝΙΣΤΗΣ ΑΡΧΟΝΤΑΣ
250 _a1
260 _bΨυχογιός,
_c2015
300 _a406
505 0 _aΕΒΔΟΜΟ ΜΕΡΟΣ ΤΗΣ ΣΕΙΡΑΣ "ΣΑΞΟΝΙΚΑ ΧΡΟΝΙΚΑ"
520 _aΕΒΔΟΜΟ ΜΕΡΟΣ ΤΗΣ ΣΕΙΡΑΣ "ΣΑΞΟΝΙΚΑ ΧΡΟΝΙΚΑ"
700 1 _aΚορνγουελ Μπερναρντ
_98020
942 _cBK
999 _c7208
_d7208